Harry Styles - From the Dining Table (All Lyrics) - Statistics

General Stats
  • This quiz has been taken 1,313 times
  • The average score is 199 of 237
Answer Stats
Answer % Correct
I
99%
you
98%
my
96%
who
96%
in
95%
the
95%
Chorus We
95%
so
94%
to
94%
your
94%
by
93%
hotel
93%
room
93%
up
93%
where
93%
Verse 1 Woke
93%
alone
92%
is
92%
with
92%
call
91%
myself
91%
this
91%
were
91%
over
89%
phone
89%
Played
89%
silence
89%
way
89%
away
88%
Even
88%
haven't
88%
since
88%
Comfortable
87%
misses
87%
overrated
87%
spoke
87%
that
87%
never
86%
one
86%
just
85%
went
84%
Why
84%
from
82%
got
82%
said
82%
drunk
81%
me
81%
noon
81%
ever
80%
know
80%
friend
79%
He
79%
saw
78%
felt
77%
won't
77%
work
77%
and
76%
back
76%
be
76%
sleep
76%
t-shirt
76%
what
76%
day
75%
old
75%
say
75%
say?
75%
cool
74%
gave
74%
him
74%
I've
74%
Bridge Maybe
74%
see
74%
tell
74%
too
74%
do
73%
fine
73%
was
73%
you're
73%
less
72%
sorry
72%
Fell
71%
first
71%
mine
71%
once
70%
you'll
70%
feel
69%
want
67%
like
66%
all
64%
girl
64%
break?
63%
face
63%
it's
63%
It's
63%
almost
60%
But
60%
name
60%
of
60%
his
57%
looked
55%
More
55%
written
53%
No matching quizzes found
Score Distribution
Percent of People with Each Score
Percentile by Number Answered
Your Score History
You have not taken this quiz